00469cam a2200181ua 45000010006000000050017000060080039000230200018000620400009000800410008000890820008000971000032001052450061001372500012001982600038002103000010002486530029002581137920260515114739.0190916n ii |||gr||||Z||||||eng a9789386302311 cMAIN aeng a301 aBimal Chandra Pal,eAuthor. aSocial philosophy of RadhakrishnancBy Bimal Chandra Pal a1st ed. aGuwahati:bEBH publishers,c2018. a106p. aSociology & anthropology